[Event "Lleida Regional-ch"]
[Site "Lleida"]
[Date "2019.10.20"]
[Round "2"]
[White "Estruch Andreu, Guim"]
[Black "Torrent Minguet, Joan"]
[Result "1/2-1/2"]
[WhiteElo "1869"]
[BlackElo "1921"]
[PlyCount "116"]
[EventDate "2019.10.13"]
[EventType "swiss"]
[EventRounds "9"]
[EventCountry "ESP"]
[SourceTitle "CBM 193 Extra"]
[Source "ChessBase"]
[SourceDate "2020.01.31"]
[SourceVersion "1"]
[SourceVersionDate "2020.01.31"]
[SourceQuality "1"]

1. e4 c5 2. Nf3 Nc6 3. d4 cxd4 4. Nxd4 e5 5. Nb5 d6 6. N1c3 a6 7. Na3 b5 8. Nd5 Nf6 9. Bg5 Be7 10. Bxf6 Bxf6 11. c3 Bg5 12. Nc2 Be6 13. g3 0-0 14. h4 Bh6 15. Bh3 Bxh3 16. Rxh3 Ne7 17. g4 Nxd5 18. Qxd5 Bf4 19. Rd1 Qc8 20. Ne3 Bxe3 21. Rxe3 Qxg4 22. Qxd6 Rae8 23. Qd7 Qxh4 24. Qf5 g6 25. Qh3 Qxh3 26. Rxh3 Re6 27. Rd7 h5 28. Rhd3 Rfe8 29. Ra7 R8e7 30. Rd8+ Kg7 31. Raa8 Kf6 32. f3 Kg5 33. Kf2 Kf4 34. Rd3 f5 35. Rad8 fxe4 36. fxe4 Rf6 37. Rf3+ Kg5 38. Rxf6 Kxf6 39. b3 Re6 40. c4 bxc4 41. bxc4 Rc6 42. c5 a5 43. Rd5 g5 44. Kg3 a4 45. Kf3 Ke6 46. Kg3 Rc7 47. Rd6+ Ke7 48. Rh6 Rxc5 49. Rxh5 Kf6 50. Rh6+ Kg7 51. Ra6 Rc3+ 52. Kg4 Ra3 53. Kxg5 Rxa2 54. Ra7+ Kf8 55. Kf6 Ke8 56. Kxe5 a3 57. Ke6 Kd8 58. e5 Ra1 1/2-1/2